EFF! Quiz Stats

 Plays Quiz Updated Jul 26, 2017

Support Sporcle.
Go Orange.
Score 0/10 Timer 00:30
1 Play Today
% Correct
F
87.1%
F
87.1%
F
87%
F
86.9%
F
86.9%
F
86.9%
F
86.8%
F
86.8%
F
86.6%
F
86.6%

You're not logged in!

Compare scores with friends on all Sporcle quizzes.
OR
Log In
Forgot?

From the Vault

Holiday Jumbles II

by beforever

This is what happens when it hits that specific time in the fall and every holiday gets smushed together at once.
Remove Ads.
Support Sporcle.
Get the best of Sporcle when you Go Orange. This ad-free experience offers more features, more stats, and more fun while also helping to support Sporcle. Thank you for becoming a member.

Show Comments

Extras

Top Quizzes Today


Score Distribution

Your Account Isn't Verified!

In order to create a playlist on Sporcle, you need to verify the email address you used during registration. Go to your Sporcle Settings to finish the process.

Report this User

Report this user for behavior that violates our Community Guidelines.

Details: